000 00552nam a2200145Ia 4500
008 220216s9999 xx 000 0 und d
100 _aDesalphine S.M.
245 0 _aIndian natural rubber sector: An overview
260 _bProceedings of International Conference and Exhibition on Rubber and Allied Materials, Asia Rubber Tech Expo,-2002, 28-30 November 2002, New Delhi, India, pp.1-2
_c2002
650 _aIndian rubber industry
650 _aRubber consumption
650 _aRubber plantation industry
650 _aRubber production
942 _cBS
999 _c52387
_d52387